| 000 | 00992nam a22002897a 4500 | ||
|---|---|---|---|
| 003 | OSt | ||
| 005 | 20150408114133.0 | ||
| 008 | 130427s 2012xxu||||f |||| 00| 0 eng d | ||
| 020 | _a9781111427832 | ||
| 040 | _aMa-ua | ||
| 082 |
_222 _a540 _bODP |
||
| 100 |
_aOxtoby, David W. _935659 |
||
| 245 |
_aPrinciples of modern chemistry. : _bDavid W. Oxtoby, H.P. Gillis, Alan Campion ; images of orbitals in chapters 4, 5, 6, and 8 contributed by Hatem H. Helal, Kelly P. Gaither. _c Oxtoby, David W. |
||
| 250 | _a7th ed. | ||
| 260 |
_aPacific Grove, Calif. : _bBrooks Cole Cengage Learning, _c2012. |
||
| 300 | _axxxvii, 1132, A79, I30 p. : | ||
| 500 | _aPrevious ed.: 2007. | ||
| 500 | _aIncludes index. | ||
| 500 | _a "International edition"-Cover. | ||
| 500 | _aFormerly CIP. |5 Uk | ||
| 650 | _aChemistry. | ||
| 700 |
_aGillis, H. P. _935660 |
||
| 700 |
_aCampion, Alan. _935661 |
||
| 700 |
_aHelal, Hatem H. _935662 |
||
| 700 |
_aGaither, Kelly P. _935663 |
||
| 942 |
_2ddc _cBOOK |
||
| 999 |
_c29878 _d264378 |
||